000 00996nam a2200229 a 4500
001 000020815
005 20250401130908.0
008 100818s2005 xxud 000 0 spa d
020 _a8484762580
040 _aDO-SdBNP
_bspa
_cBNPHU
082 _a303.44
_bP964i, 2005
110 2 _aPrograma de las Naciones Unidas para el Desarrollo
_9187
245 1 0 _aInforme sobre desarrollo humano 2005 :
_bla cooperacion internacional ante una encrucijada: ayuda al desarrollo, comercio y seguridad en un mundo desigual /.
246 2 3 _aLa cooperacion internacional ante una encrucijada:
_bayuda al desarrollo, comercio y seguridad en un mundo desigual
260 _aNew York :
_bPrograma de las Naciones Unidas para el Desarrollo:
_bGrupo Mundi-Prensa,
_c2005.
300 _axvi, 402 p. :
_bil. ;
_c28 cm.
650 4 _aDesarrollo humano
_9213
650 0 _aComercio internacional
_910367
650 0 _aCooperación internacional
_91240
910 _aValidado. Control de calidad BNPHU
049 _aBNPD
999 _c20319
_d20319